Follow That Line: SpongeBob Quiz Stats

 Plays Quiz Updated Nov 27, 2018

Score 0/25 Timer 06:00
7 Plays Today
% Correct
No, this is Patrick.
85%
Well you're smelly.
78.4%
Nah, I just like to mess with ya.
77.6%
Because you told me to!
76.6%
Not until four.
75.7%
But it's fun!
75.6%
But, but we stole a balloon.
75.5%
SpongeBob, there are two problems with your theory. One, I hate you. And two, how can that be me when I'm standing right here?
75.1%
And I thought this friendship would never pay off.
74.4%
Oh, I thought he was dead.
73.4%
And this guy's got shoes!
72.1%
No, just into this hole.
69.3%
I think she should buy both.
66.2%
% Correct
Oh, let me try, Hey punk.
65.8%
Being dead or anything else!
65.5%
Sounds like you've got a dying animal to attend to, eh ol' chum?
65.5%
That's disgusting! We just want the hat back.
65.2%
I can't imagine why.
63.9%
You mean this morning?
61.6%
What, what did he say?
61.2%
Why should I waste money lighting a whole store?
55.4%
You tell 'em SpongeBob!
51.7%
But it's not Tuesday, Patrick.
50.9%
Are you going to order something or just make friends with the paneling?
50.9%
Free Sample?
50.3%

You're not logged in!

Compare scores with friends on all Sporcle quizzes.
OR
Log In

You Might Also Like...

Show Comments

Extras

Top Quizzes Today


Score Distribution

Your Account Isn't Verified!

In order to create a playlist on Sporcle, you need to verify the email address you used during registration. Go to your Sporcle Settings to finish the process.

Report this User

Report this user for behavior that violates our Community Guidelines.

Details: